000 01338nam a2200313 4500
003 CO-CtgCURN
005 20250329165424.0
008 160531s2003 000 0 eng d
040 _aCO-CtgCURN
_bspa
_ccoctgcurn
082 0 _aDER 2003
_bV433
100 1 _aVelasco Toro, Elberto.
245 1 0 _aPatentes biologicas en investigacion cientifica y comercial /
_cElberto Velasco Toro.
260 _aCartagena de Indias :
_bCorporacion Universitaria Rafael Nuñez,
_c2003.
300 _a84 h.
336 _2rdacontent
337 _2rdamedia
_asin mediacion
_bn
338 _2rdacarrier
_avolumen
_bnc
500 _aIncluye anexos.
500 _aNo tiene cesion de derechos.
502 _aTrabajo de grado (Abogado). Corporacion Universitaria Rafael Nuñez. Facultad de Ciencias Sociales y Humanas. Programa de Derecho, 2003.
504 _aIncluye bibliografia.
590 _aDerecho
650 0 _aDerecho
_vTesis y disertaciones academicas.
650 0 _aPatentes biologicas.
650 0 _aPatentes de invencion
_vLegislacion.
856 7 _uhttps://unicurn.sharepoint.com/:b:/s/biblioteca/EdTkHG4R-CpAjkBcCeD8IBkBf_bGrlZSsjGkEIBV4W4bmg?e=2I7C98
_zClick aqui para ver el recurso en texto completo
942 _hDER 2003
_iV433
_2ddc
_cTG
999 _c3448
_d3448